| 000 | 00000nam##2200000za#4500 |
| 001 | 9.690473 |
| 003 | CaOODSP |
| 005 | 20231123084324 |
| 007 | cr ||||||||||| |
| 008 | 150407|2007||||xxc|||||o f|0| 0 eng|d |
| 020 | |a978-0-662-47371-8 |
| 040 | |aCaOODSP|beng |
| 043 | |an-cn--- |
| 086 | 1 |aFR2-3/2007E-PDF |
| 110 | 1 |aCanada. |bForeign Affairs and International Trade Canada. |
| 245 | 10|aGlobal Partnership Program : a tangible Canadian contribution to reducing the threat of weapons of mass destruction |h[electronic resource] |
| 260 | |aOttawa - Ontario : |bForeign Affairs and International Trade |c2007. |
| 500 | |aAnnual report 2006-2007. The catalogue number and ISBN applied to this publication are incorrect. |
| 590 | |a13-08-Supp|b2013-04-02 |
| 690 | 07|aWeapons|2gcpds |
| 690 | 07|aMilitary technology|2gcpds |
| 775 | 08|tProgram de partenariat pondial : une contribution tangible du Canada pour réduire la menace des armes de destruction massive |w(CaOODSP)9.634836 |
| 856 | 40|ahttp://publications.gc.ca|qPDF|s1.98 MB|uhttps://publications.gc.ca/collections/collection_2013/aecic-faitc/FR2-3-2007-eng.pdf |